[Event "26. Off. Wuerttembergische Seniorenmst."]
[Site "Freudenstadt"]
[Date "2014.07.16"]
[Round "1.1"]
[White "Weenink, Henk"]
[Black "Micheel, Peter"]
[Result "1-0"]
[WhiteElo "2185"]
[BlackElo "1741"]
[Annotator "König,Dirk"]
[PlyCount "35"]
[EventDate "2014.??.??"]
[BlackTeam "SSC Graal-Müritz"]

1. e4 d5 2. exd5 Qxd5 3. Nc3 Qa5 4. Nf3 c6 5. Bc4 Nf6 6. d3 Bf5 7. O-O e6 8.
Bf4 Be7 9. Qd2 Nbd7 10. a3 Nd5 11. Nxd5 Qxd2 12. Nc7+ Kd8 13. Nxe6+ Bxe6 14.
Nxd2 Bxc4 15. Nxc4 Nf6 16. Rfe1 Nd5 17. Bg3 f6 18. Na5 1-0

[Event "26. Off. Wuerttembergische Seniorenmst."]
[Site "Freudenstadt"]
[Date "2014.07.16"]
[Round "1.2"]
[White "Duerr, Hanno"]
[Black "Wolf, Walter"]
[Result "0-1"]
[WhiteElo "1739"]
[BlackElo "2121"]
[Annotator "König,Dirk"]
[PlyCount "127"]
[EventDate "2014.??.??"]
[WhiteTeam "SGem Vaihingen-Rohr"]
[BlackTeam "Stuttgarter SF 1879"]

1. d4 f5 2. f3 g6 3. e4 d6 4. Nc3 Bg7 5. Be3 Nf6 6. Bc4 c6 7. e5 Nd5 8. Nxd5
cxd5 9. Bb3 e6 10. exd6 Qxd6 11. Qd2 O-O 12. Ne2 Nc6 13. c3 Na5 14. Bf4 Qb6 15.
Nc1 Bd7 16. Be5 Bxe5 17. dxe5 Rac8 18. f4 Nc4 19. Bxc4 Rxc4 20. Ne2 Rfc8 21.
Nd4 a5 22. O-O Qc5 23. Rf3 b5 24. Qf2 b4 25. Rd1 bxc3 26. bxc3 Rxc3 27. Nb3
Qxf2+ 28. Rxf2 Ba4 29. Rb2 Rb8 30. Rdb1 Bxb3 31. axb3 Kg7 32. Kf2 h6 33. h4 Rb4
34. g3 g5 35. hxg5 hxg5 36. fxg5 Rg4 37. Rg1 Re4 38. Ra1 Ree3 39. Rxa5 Rf3+ 40.
Kg1 Rxg3+ 41. Rg2 Rxb3 42. Ra7+ Kg6 43. Re7 Rxg2+ 44. Kxg2 Rb6 45. Kf3 Kxg5 46.
Rg7+ Kh6 47. Rg8 Kh7 48. Rd8 Rb7 49. Kf4 Kg7 50. Kg5 Kf7 51. Rh8 Rd7 52. Rh7+
Ke8 53. Rh8+ Ke7 54. Rh7+ Kd8 55. Rh8+ Kc7 56. Kf6 d4 57. Kxe6 d3 58. Rh1 d2
59. Rd1 f4 60. Kf6 f3 61. e6 Rd4 62. Kf7 f2 63. e7 Rf4+ 64. Ke8 {
(0:1, 74 Zuege)} 0-1

[Event "26. Off. Wuerttembergische Seniorenmst."]
[Site "Freudenstadt"]
[Date "2014.07.16"]
[Round "1.3"]
[White "Szenetra, Werner"]
[Black "Blutharsch, Walter"]
[Result "1-0"]
[WhiteElo "2094"]
[BlackElo "1726"]
[Annotator "König,Dirk"]
[PlyCount "74"]
[EventDate "2014.??.??"]
[WhiteTeam "SV Berenbostel"]
[BlackTeam "VfL Sindelfingen"]

1. Nf3 d5 2. g3 Nc6 3. Bg2 e5 4. d3 Nf6 5. O-O Be7 6. Nbd2 O-O 7. e4 dxe4 8.
dxe4 Bg4 9. h3 Bh5 10. g4 Bg6 11. Qe2 Nd7 12. Rd1 Qc8 13. Nf1 Nc5 14. Ng3 Ne6
15. c3 Re8 16. Nf5 Bc5 17. b4 Bb6 18. b5 Na5 19. Nxe5 Nc5 20. Nxg6 hxg6 21. Ng3
Qe6 22. Ba3 Nc4 23. Bxc5 Bxc5 24. Qf1 Na3 25. Rd5 Qb6 26. c4 c6 27. bxc6 bxc6
28. Rd3 Qa6 29. Rc1 Rab8 30. Rb3 Red8 31. Qe2 Qa4 32. Rxb8 Rxb8 33. e5 Bd4 34.
e6 fxe6 35. Qxe6+ Kh7 36. Be4 Rf8 37. Qxg6+ Kh8 1-0

[Event "26. Off. Wuerttembergische Seniorenmst."]
[Site "Freudenstadt"]
[Date "2014.07.16"]
[Round "1.4"]
[White "Philippin, Otto"]
[Black "Braeunlin, Klaus"]
[Result "1/2-1/2"]
[WhiteElo "1718"]
[BlackElo "2063"]
[PlyCount "126"]
[EventDate "2014.??.??"]
[WhiteTeam "SVG Vaihingen/Enz"]
[BlackTeam "TG Biberach"]

1. f4 Nf6 2. Nf3 d5 3. e3 e6 4. b3 Be7 5. Bb2 a6 6. Be2 c5 7. O-O Nc6 8. Ne5
O-O 9. Bf3 Nxe5 10. fxe5 Ne8 11. Nc3 f5 12. exf6 Bxf6 13. Qe1 Nc7 14. Na4 Bxb2
15. Nxb2 Qd6 16. Qg3 Qxg3 17. hxg3 Bd7 18. a4 b5 19. axb5 axb5 20. Nd3 Rxa1 21.
Rxa1 c4 22. Ne5 Bc8 23. g4 Ba6 24. b4 Ra8 25. c3 Bb7 26. Rxa8+ Bxa8 27. Kf2 Kf8
28. Bd1 Ke7 29. Bc2 g6 30. Kg3 Ne8 31. Kf4 Nf6 32. Kg5 Ng8 33. Kf4 Bb7 34. Kg5
Bc8 35. Nc6+ Kd6 36. Nd4 Bd7 37. Nf3 e5 38. Bb1 Be8 39. Kh4 h6 40. g5 h5 41. g4
e4 42. Ne1 hxg4 43. Kxg4 Bd7+ 44. Kf4 Ne7 45. Ng2 Nf5 46. Bc2 Ng7 47. Kg3 Ke5
48. Bd1 Nf5+ 49. Kh2 Nd6 50. Kg3 Nf5+ 51. Kh2 Be8 52. Bg4 Nd6 53. Kg3 Nf7 54.
Kh4 Kd6 55. Nf4 Ne5 56. Kg3 Bf7 57. Kh4 Nc6 58. Kg3 Ne5 59. Kh4 Be8 60. Kg3 Bf7
61. Kh4 Be8 62. Kg3 Bc6 63. Kh4 Be8 1/2-1/2

[Event "26. Off. Wuerttembergische Seniorenmst."]
[Site "Freudenstadt"]
[Date "2014.07.16"]
[Round "1.5"]
[White "Lang, Ferdinand"]
[Black "Kuepferle, Ernst"]
[Result "1-0"]
[WhiteElo "2051"]
[BlackElo "1715"]
[PlyCount "75"]
[EventDate "2014.??.??"]
[WhiteTeam "TSV Willsbach"]
[BlackTeam "SK Kehl"]

1. e4 c5 2. Nf3 e6 3. d4 cxd4 4. Nxd4 a6 5. Nc3 Qc7 6. Bd3 Nc6 7. Nf3 Bd6 8.
Bd2 Nf6 9. Ne2 h6 10. Ng3 Ne5 11. O-O Nxf3+ 12. Qxf3 h5 13. h3 h4 14. Ne2 Be5
15. c3 b6 16. Qe3 Bb7 17. c4 Bxb2 18. Rab1 Ba3 19. Rxb6 Bc5 20. Rxb7 Bxe3 21.
Rxc7 Bxd2 22. Rb1 Ba5 23. Rcb7 Ke7 24. e5 Ne8 25. R1b3 f6 26. Nf4 Kd8 27. Ng6
Rg8 28. Be4 Rc8 29. Rd3 Bc7 30. Bc6 d6 31. exd6 Nxd6 32. c5 Rb8 33. Rxb8+ Bxb8
34. cxd6 e5 35. Bd5 Re8 36. Bf7 e4 37. Rd1 e3 38. Bxe8 1-0

[Event "26. Off. Wuerttembergische Seniorenmst."]
[Site "Freudenstadt"]
[Date "2014.07.16"]
[Round "1.6"]
[White "Abel, Hans-Peter"]
[Black "Weisenburger, Horst"]
[Result "0-1"]
[WhiteElo "1709"]
[BlackElo "2028"]
[PlyCount "82"]
[EventDate "2014.??.??"]
[WhiteTeam "SC Leinfelden"]
[BlackTeam "SC Böblingen 1975 e.V."]

1. c4 f5 2. Nc3 Nf6 3. g3 g6 4. Bg2 Bg7 5. d4 d6 6. e3 c6 7. Nge2 O-O 8. O-O
Qc7 9. b3 Na6 10. Bb2 e5 11. d5 e4 12. dxc6 bxc6 13. Qd2 Nc5 14. Rad1 Rd8 15.
Nc1 Ng4 16. Ba3 Nb7 17. N3e2 Be6 18. Bb2 Nc5 19. Bxg7 Qxg7 20. Qd4 Qh6 21. h3
Ne5 22. Qc3 Bf7 23. Nd4 Qg7 24. Qc2 Rac8 25. Qe2 Qh6 26. Rd2 d5 27. cxd5 Bxd5
28. Qd1 Rf8 29. Nce2 g5 30. Nc3 f4 31. exf4 gxf4 32. Nxd5 cxd5 33. gxf4 Rxf4
34. Ne2 Nf3+ 35. Bxf3 Rxf3 36. Rxd5 Nd3 37. Ng3 Qxh3 38. Rg5+ Kf7 39. Qe2 Nf4
40. Rf5+ Qxf5 41. Qxf3 Nh3+ 0-1

[Event "26. Off. Wuerttembergische Seniorenmst."]
[Site "Freudenstadt"]
[Date "2014.07.16"]
[Round "1.7"]
[White "Storkebaum, Karl-Heinrich"]
[Black "Gabriel, Klaus"]
[Result "1-0"]
[WhiteElo "1758"]
[BlackElo "1444"]
[PlyCount "83"]
[EventDate "2014.??.??"]
[WhiteTeam "SAbt TEC Darmstadt"]
[BlackTeam "SC Leinfelden"]

1. d4 d5 2. c4 e6 3. a3 Nf6 4. Nc3 c6 5. e3 b6 6. Nf3 Bb7 7. cxd5 cxd5 8. Bb5+
Nbd7 9. Ne5 a6 10. Bd3 Be7 11. O-O O-O 12. Bd2 Nxe5 13. dxe5 Ne4 14. f3 Nxc3
15. Bxc3 Bc5 16. Bd4 Bxd4 17. exd4 f6 18. Re1 f5 19. f4 b5 20. Rc1 Rc8 21. b4
Rxc1 22. Qxc1 Qd7 23. Qb2 Rc8 24. Rc1 Rc7 25. Rc5 Rxc5 26. bxc5 Bc6 27. a4 Qb7
28. axb5 axb5 29. Qa2 h6 30. Qa5 Qd7 31. Qb6 Kf7 32. Qb8 Qb7 33. Qxb7+ Bxb7 34.
Bxb5 Bc8 35. Kf2 Ke7 36. Ke3 Kd8 37. Kd3 Kc7 38. Kc3 Bb7 39. Kb4 Bc6 40. Ka5
Bb7 41. h4 h5 42. Be8 1-0

[Event "26. Off. Wuerttembergische Seniorenmst."]
[Site "Freudenstadt"]
[Date "2014.07.16"]
[Round "1.8"]
[White "Haselhorst, Helmut"]
[Black "Krieg, Karl"]
[Result "1-0"]
[WhiteElo "2023"]
[BlackElo "1702"]
[PlyCount "173"]
[EventDate "2014.??.??"]
[WhiteTeam "SC Steinfurt 1996 e.V."]
[BlackTeam "SG Schwäbisch Gmünd 1872 e.V"]

1. d4 Nf6 2. Nf3 e6 3. g3 d5 4. Bg2 Nbd7 5. O-O Bd6 6. Nbd2 O-O 7. c4 c6 8. Qc2
b6 9. e4 dxe4 10. Nxe4 Nxe4 11. Qxe4 Bb7 12. b3 Nf6 13. Qe2 Qc7 14. Bb2 a5 15.
Rfd1 Rfd8 16. Ne5 c5 17. Rd3 Bxg2 18. Kxg2 Qb7+ 19. Qf3 Qxf3+ 20. Kxf3 a4 21.
Rdd1 h6 22. dxc5 Bxc5 23. Nd3 Be7 24. Bd4 Nd7 25. Nb2 a3 26. Na4 Rab8 27. Bxg7
Kxg7 28. Rxd7 b5 29. cxb5 Rxb5 30. Rc1 Bf6 31. Rcc7 Rf8 32. Nc5 Kg6 33. Ne4 Bd8
34. Rc8 Be7 35. Rxf8 Bxf8 36. Ke2 Re5 37. Kd3 Rh5 38. h4 Rf5 39. Ke3 Rb5 40.
Kd3 Rf5 41. Rd8 Be7 42. Rg8+ Kh7 43. Ra8 Kg7 44. f4 Rd5+ 45. Ke2 f5 46. Nd2 e5
47. fxe5 Rxe5+ 48. Kf3 Re1 49. Nc4 Ra1 50. Ra7 Kf8 51. Nxa3 Rxa2 52. Nb5 Rb2
53. Nd4 Bf6 54. Ne6+ Ke8 55. Rb7 Bc3 56. Ke3 Rb1 57. Kd3 Ba1 58. Kc4 Rg1 59.
Ng7+ Bxg7 60. Rxg7 Kf8 61. Rg6 Kf7 62. Rxh6 Rxg3 63. Ra6 Rg4+ 64. Kc5 Rxh4 65.
b4 f4 66. b5 f3 67. b6 f2 68. Ra1 Rh5+ 69. Kc6 Rh6+ 70. Kc7 Rh3 71. b7 Rf3 72.
Rf1 Rc3+ 73. Kd6 Rd3+ 74. Kc5 Rb3 75. Rxf2+ Ke7 76. Kc6 Rc3+ 77. Kb6 Rb3+ 78.
Kc7 Rc3+ 79. Kb6 Rb3+ 80. Kc7 Rc3+ 81. Kb8 Kd7 82. Rd2+ Ke7 83. Rd5 Rc2 84. Ka7
Ra2+ 85. Kb6 Rb2+ 86. Rb5 Rh2 87. b8=Q 1-0

[Event "26. Off. Wuerttembergische Seniorenmst."]
[Site "Freudenstadt"]
[Date "2014.07.16"]
[Round "1.9"]
[White "Stadler, Lothar"]
[Black "Pape, Manfred"]
[Result "0-1"]
[WhiteElo "1699"]
[BlackElo "2019"]
[PlyCount "80"]
[EventDate "2014.??.??"]
[WhiteTeam "SAbt SV Weiss-BL.Allianz"]
[BlackTeam "SK Bad Harzburg"]

1. c4 Nf6 2. Nc3 g6 3. Nf3 Bg7 4. d4 d6 5. e3 O-O 6. Be2 Nc6 7. O-O Bf5 8. Nh4
Bd7 9. e4 e5 10. d5 Nd4 11. Bd3 c5 12. Be3 a6 13. h3 Re8 14. Qd2 Nh5 15. Bg5
Bf6 16. f4 exf4 17. Bxf6 Qxf6 18. Nf3 Ng3 19. Rf2 Nxf3+ 20. Rxf3 g5 21. Qf2 Qe5
22. Re1 Re7 23. Ne2 Nxe2+ 24. Rxe2 Kh8 25. a3 Rg8 26. g4 f6 27. Qe1 h5 28. Rg2
Rh7 29. Rff2 hxg4 30. hxg4 Kg7 31. Qc3 Rgh8 32. Rc2 Rh3 33. Kf2 Re3 34. Qxe5
fxe5 35. Rd2 Rhh3 36. Bc2 Rhf3+ 37. Kg1 Re1+ 38. Kh2 Rff1 39. Rgf2 Rh1+ 40. Kg2
Reg1+ 0-1

[Event "26. Off. Wuerttembergische Seniorenmst."]
[Site "Freudenstadt"]
[Date "2014.07.16"]
[Round "1.10"]
[White "Gollasch, Theo-Heinz"]
[Black "Scharhag, Wilhelm"]
[Result "1-0"]
[WhiteElo "1996"]
[BlackElo "1679"]
[PlyCount "115"]
[EventDate "2014.??.??"]
[WhiteTeam "Hamburger SK von 1830 eV"]
[BlackTeam "SK Bad Krozingen"]

1. Nf3 d5 2. g3 Nf6 3. Bg2 e6 4. c4 Be7 5. d4 O-O 6. b3 dxc4 7. bxc4 c5 8. O-O
cxd4 9. Nxd4 Qb6 10. Nb3 Bd7 11. e4 Bc6 12. Qe2 e5 13. Nc3 Nbd7 14. Nd5 Bxd5
15. cxd5 Rfc8 16. Bb2 Bd6 17. Rfc1 Qd8 18. Bf1 Rxc1 19. Rxc1 Rc8 20. Kg2 Rxc1
21. Bxc1 Qc7 22. f3 Nc5 23. Nxc5 Bxc5 24. Qc4 Bd6 25. Qxc7 Bxc7 26. Ba3 Ne8 27.
Kf2 Bd6 28. Bb2 f6 29. Ke2 Kf7 30. Kd3 Ke7 31. Bh3 Kd8 32. Bc1 g5 33. Bg4 h6
34. Be3 b6 35. Kc4 Nc7 36. a4 Ke7 37. Bc8 Kd8 38. Bb7 Ke7 39. Bd2 Kd8 40. Be3
Ke7 41. Bc6 Kd8 42. a5 bxa5 43. Bxa7 Ke7 44. Bb6 Kd8 45. Bxa5 Ke7 46. Kd3 Kf8
47. Ke2 Ke7 48. Kf1 Ne8 49. Bxe8 Kxe8 50. h4 Kd7 51. Kg2 Ke7 52. Kh3 Kf7 53.
Kg4 Kg6 54. h5+ Kf7 55. Kf5 Be7 56. Bc7 Bc5 57. Bd8 Bf2 58. Bxf6 1-0

[Event "26. Off. Wuerttembergische Seniorenmst."]
[Site "Freudenstadt"]
[Date "2014.07.16"]
[Round "1.11"]
[White "Schuler, Georg"]
[Black "Schmieder, Siegfried"]
[Result "0-1"]
[WhiteElo "1670"]
[BlackElo "1962"]
[PlyCount "76"]
[EventDate "2014.??.??"]
[WhiteTeam "SV Balingen"]
[BlackTeam "SG Schwäbisch Gmünd 1872 e.V"]

1. c4 e5 2. Nc3 Nc6 3. g3 Bb4 4. Bg2 d6 5. e3 Bxc3 6. bxc3 Bd7 7. Ne2 f5 8. O-O
Nf6 9. d4 e4 10. a4 Na5 11. c5 d5 12. Ba3 Nc4 13. Qc2 Bc6 14. Bb4 a5 15. Ba3
Qd7 16. Bc1 b6 17. Rd1 b5 18. axb5 Bxb5 19. Nf4 g5 20. Nh3 h6 21. Bf1 f4 22.
Kh1 f3 23. Ng1 a4 24. Ba3 c6 25. Rdb1 O-O 26. Bb4 Qa7 27. Ba3 Qa6 28. Bxc4 Bxc4
29. Rb6 Bf1 30. Nxf3 Qc8 31. Rxf1 Qh3 32. Ng1 Qxf1 33. Rb1 Qd3 34. Qxd3 exd3
35. h3 Ne4 36. f4 d2 37. Nf3 Nf2+ 38. Kg2 d1=Q 0-1

[Event "26. Off. Wuerttembergische Seniorenmst."]
[Site "Freudenstadt"]
[Date "2014.07.16"]
[Round "1.12"]
[White "Prill, Gerhard"]
[Black "Mertens, Gottfried"]
[Result "1-0"]
[WhiteElo "1955"]
[BlackElo "1669"]
[PlyCount "55"]
[EventDate "2014.??.??"]
[WhiteTeam "SC Heitersheim"]
[BlackTeam "SK Weinheim 1911 e.V."]

1. e4 e6 2. d4 d5 3. Nc3 Bb4 4. e5 c5 5. a3 Bxc3+ 6. bxc3 Nc6 7. Nf3 Bd7 8. Bd2
Qc7 9. Bd3 c4 10. Be2 f6 11. exf6 gxf6 12. Nh4 O-O-O 13. O-O Re8 14. Bh5 Re7
15. Qf3 Be8 16. Rfe1 Bxh5 17. Qxh5 Rg7 18. Qe8+ Nd8 19. Rxe6 Re7 20. Rxe7 Qxe7
21. Qb5 Qd7 22. Qc5+ Nc6 23. Qf8+ Nd8 24. Re1 Qf7 25. Qc5+ Nc6 26. Nf5 Qd7 27.
Re8+ Qxe8 28. Nd6+ 1-0

[Event "26. Off. Wuerttembergische Seniorenmst."]
[Site "Freudenstadt"]
[Date "2014.07.16"]
[Round "1.13"]
[White "Foehl, Frithjof"]
[Black "Hoeschele, Hans-Ulrich"]
[Result "0-1"]
[WhiteElo "1666"]
[BlackElo "1948"]
[PlyCount "62"]
[EventDate "2014.??.??"]
[WhiteTeam "SV Oberkochen"]
[BlackTeam "Stuttgarter SF 1879"]

1. e4 d6 2. d4 Nf6 3. Nc3 c6 4. h3 Qc7 5. Nf3 e5 6. Be3 Be7 7. Bd3 Nbd7 8. Qe2
O-O 9. g4 exd4 10. Nxd4 Ne5 11. f4 Nxd3+ 12. cxd3 Ne8 13. f5 Bh4+ 14. Kd2 b5
15. Nf3 Bf6 16. Rac1 Qa5 17. g5 b4 18. gxf6 bxc3+ 19. bxc3 Nxf6 20. Bd4 Ne8 21.
Rhg1 f6 22. Rc2 c5 23. Be3 Ba6 24. h4 Rd8 25. Qf2 Rf7 26. h5 d5 27. e5 d4 28.
Bh6 dxc3+ 29. Kc1 Bxd3 30. e6 Qa3+ 31. Kb1 Qb2# 0-1

[Event "26. Off. Wuerttembergische Seniorenmst."]
[Site "Freudenstadt"]
[Date "2014.07.16"]
[Round "1.15"]
[White "Fitzke, Ulrich"]
[Black "Trefzer, Erhard"]
[Result "1/2-1/2"]
[WhiteElo "1648"]
[BlackElo "1936"]
[Annotator "König,Dirk"]
[PlyCount "71"]
[EventDate "2014.??.??"]
[WhiteTeam "SV Bau-Union e.V."]
[BlackTeam "SV Besigheim"]

1. d4 Nf6 2. c4 e6 3. Nc3 d5 4. Nf3 Nbd7 5. e3 Be7 6. Bd3 b6 7. O-O Bb7 8. Qd2
c5 9. cxd5 exd5 10. Ba6 Qc8 11. Bxb7 Qxb7 12. b3 O-O 13. Bb2 Rac8 14. Rac1 Rfe8
15. Rfd1 c4 16. bxc4 dxc4 17. a4 a6 18. Ra1 b5 19. axb5 axb5 20. Rdb1 Qc6 21.
Ba3 Bxa3 22. Rxa3 Rb8 23. Rb4 Nd5 24. Nxd5 Qxd5 25. Qb2 Rb7 26. Ra5 Reb8 27.
Nd2 Qc6 28. Nb1 Nf6 29. Nc3 Nd5 30. Nxd5 Qxd5 31. h3 f5 32. Qa2 f4 33. Ra8 fxe3
34. fxe3 Qd8 35. Rxb8 Rxb8 36. Qa6 {(1-0, 36 Zuege) 1-0 (36) Reinhold,K (1938)
-Payen,G (1665) Freudenstadt 2014 [Koenig,Dirk]} 1/2-1/2

[Event "26. Off. Wuerttembergische Seniorenmst."]
[Site "Freudenstadt"]
[Date "2014.07.16"]
[Round "1.16"]
[White "Pfitzer, Norbert"]
[Black "Grasmeyer, Klaus-Peter"]
[Result "1/2-1/2"]
[WhiteElo "1928"]
[BlackElo "1623"]
[PlyCount "100"]
[EventDate "2014.??.??"]
[WhiteTeam "SV Aalen-Ellwangen e.V."]
[BlackTeam "SC Villingen"]

1. d4 Nf6 2. Nf3 d5 3. g3 c6 4. Bg2 e6 5. O-O Be7 6. c4 O-O 7. Qc2 b6 8. Ne5
Bb7 9. Rd1 Nfd7 10. Nd3 Nf6 11. e3 Nbd7 12. b3 Rc8 13. Bb2 Qc7 14. Nd2 c5 15.
cxd5 Bxd5 16. e4 Ba8 17. Rac1 Qb8 18. Qb1 cxd4 19. Bxd4 Rxc1 20. Rxc1 Rc8 21.
Rc2 Ne8 22. Be3 Rxc2 23. Qxc2 Qc7 24. Qxc7 Nxc7 25. f3 Na6 26. Kf2 Nb4 27. Nxb4
Bxb4 28. Ke2 Kf8 29. Nc4 Bc5 30. Bf4 f6 31. Kd3 e5 32. Bd2 Be7 33. b4 b5 34.
Ne3 Nb6 35. Bh3 g6 36. Be6 Bd6 37. g4 Bc6 38. a3 Bb7 39. Nd5 Nxd5 40. Bh6+ Ke7
41. exd5 a5 42. Kc3 axb4+ 43. axb4 Ke8 44. Bg8 g5 45. h3 Kd8 46. Be6 Be7 47.
Bg7 Kc7 48. Kd3 Kd6 49. Ke4 Ba8 50. Bg8 Bb7 1/2-1/2

[Event "26. Off. Wuerttembergische Seniorenmst."]
[Site "Freudenstadt"]
[Date "2014.07.16"]
[Round "1.17"]
[White "Woelbl, Josef"]
[Black "Abegg, Beat"]
[Result "1/2-1/2"]
[WhiteElo "1623"]
[BlackElo "1910"]
[PlyCount "90"]
[EventDate "2014.??.??"]
[WhiteTeam "SV Rottweil"]

1. Nf3 d5 2. c4 c6 3. e3 Nf6 4. Nc3 Bg4 5. h3 Bxf3 6. Qxf3 e6 7. cxd5 exd5 8.
d4 Bd6 9. Bd3 O-O 10. O-O Re8 11. Bd2 Nbd7 12. Rfe1 Qc7 13. e4 dxe4 14. Nxe4
Nxe4 15. Rxe4 Rxe4 16. Qxe4 Nf6 17. Qf5 Qd7 18. Qxd7 Nxd7 19. Re1 h6 20. g3 Nf6
21. Bc4 Kf8 22. Kg2 Re8 23. Rxe8+ Kxe8 24. Kf3 Ke7 25. a4 Nd5 26. Bxd5 cxd5 27.
Kg4 Kf6 28. h4 Kg6 29. Bf4 h5+ 30. Kf3 Bb4 31. Bb8 a6 32. Kf4 Bd2+ 33. Ke5 Be1
34. Kxd5 Bxf2 35. Ke4 f5+ 36. Kd3 Kf7 37. Bf4 Ke6 38. Kc4 Kd7 39. d5 Bb6 40. b4
Bd8 41. a5 g6 42. Kd4 Bf6+ 43. Kc4 Bd8 44. Kd4 Bf6+ 45. Kc4 Bd8 1/2-1/2

[Event "26. Off. Wuerttembergische Seniorenmst."]
[Site "Freudenstadt"]
[Date "2014.07.16"]
[Round "1.18"]
[White "Schwertel, Johann"]
[Black "Schuetze, Manfred"]
[Result "1/2-1/2"]
[WhiteElo "1898"]
[BlackElo "1615"]
[PlyCount "45"]
[EventDate "2014.??.??"]
[WhiteTeam "SV Koblenz 03/25"]
[BlackTeam "SV Blau-Rot Pratau"]

1. d4 Nf6 2. Nf3 e6 3. Bg5 h6 4. Bh4 b6 5. Nbd2 Bb7 6. e3 Be7 7. Bd3 d5 8. Ne5
O-O 9. O-O Nbd7 10. Ndf3 Ne4 11. Bxe7 Qxe7 12. Nxd7 Qxd7 13. Ne5 Qe8 14. f3 Nf6
15. Qe2 Qc8 16. c3 Nd7 17. Ng4 f5 18. Nf2 Qd8 19. e4 Qf6 20. exd5 Rae8 21. Rae1
Rf7 22. Qc2 a6 23. Nh3 1/2-1/2

[Event "26. Off. Wuerttembergische Seniorenmst."]
[Site "Freudenstadt"]
[Date "2014.07.16"]
[Round "1.19"]
[White "Blosze, Winfried"]
[Black "Heinzel, Peter"]
[Result "1/2-1/2"]
[WhiteElo "1611"]
[BlackElo "1887"]
[Annotator "König,Dirk"]
[PlyCount "49"]
[EventDate "2014.??.??"]
[WhiteTeam "SV Königsspringer 1929 Großauhei"]
[BlackTeam "SC Mülheim 08/25 e.V."]

1. e4 c6 2. d4 d5 3. e5 Bf5 4. Bd3 Bxd3 5. Qxd3 e6 6. Nf3 Nd7 7. O-O Ne7 8. Bg5
h6 9. Bxe7 Bxe7 10. c4 dxc4 11. Qxc4 Nb6 12. Qb3 g5 13. Rd1 Qd5 14. Qc2 O-O-O
15. Nc3 Qd7 16. Na4 Nd5 17. Nc3 Nxc3 18. bxc3 a6 19. Nd2 Qc7 20. Qb3 Rd5 21.
Nc4 Rb5 22. Qa4 Rd8 23. Rdb1 Kb8 24. Nb6 Ka7 25. Qc4 {(0,5:0,5, 25 Zuege)}
1/2-1/2

[Event "26. Off. Wuerttembergische Seniorenmst."]
[Site "Freudenstadt"]
[Date "2014.07.16"]
[Round "1.20"]
[White "Foltas, Hermann"]
[Black "Riegler, Markus"]
[Result "0-1"]
[WhiteElo "1884"]
[BlackElo "1596"]
[PlyCount "54"]
[EventDate "2014.??.??"]
[WhiteTeam "SK Siemens München"]
[BlackTeam "SK Mannheim-Lindenhof 1865"]

1. d4 Nf6 2. c4 d5 3. Nc3 c6 4. Nf3 e6 5. e3 Bb4 6. Bd3 Bxc3+ 7. bxc3 O-O 8.
O-O b6 9. Ne5 Ba6 10. cxd5 Bxd3 11. Qxd3 cxd5 12. Ba3 Re8 13. Rac1 Nfd7 14. f4
f6 15. Nf3 f5 16. c4 Nf6 17. cxd5 Qxd5 18. Rc2 Nbd7 19. Rfc1 h6 20. Qe2 Kh7 21.
Rc7 Rg8 22. Ne5 Nxe5 23. fxe5 Ne8 24. Re7 Kh8 25. Rc2 f4 26. exf4 Qxd4+ 27. Qf2
Qd1+ 0-1

[Event "26. Off. Wuerttembergische Seniorenmst."]
[Site "Freudenstadt"]
[Date "2014.07.16"]
[Round "1.21"]
[White "Goldinger, Josef"]
[Black "Just, Joachim"]
[Result "0-1"]
[WhiteElo "1590"]
[BlackElo "1878"]
[PlyCount "114"]
[EventDate "2014.??.??"]
[WhiteTeam "SV Rottweil"]
[BlackTeam "SV Motor Zeitz"]

1. e4 g6 2. d4 Bg7 3. f4 c6 4. Nf3 d5 5. e5 Bg4 6. Be2 e6 7. O-O Nd7 8. h3 Bxf3
9. Rxf3 h5 10. Bd3 Ne7 11. Be3 Qb6 12. b3 Nf5 13. Bxf5 gxf5 14. Nd2 Bf8 15. c4
Be7 16. Nf1 Qa6 17. cxd5 cxd5 18. Nh2 O-O-O 19. Qf1 Qxf1+ 20. Rfxf1 Kb8 21.
Rac1 Ba3 22. Rc2 Rc8 23. Rff2 Rhg8 24. Nf3 Be7 25. Rfe2 b5 26. Kf1 Nb6 27. Bf2
Kb7 28. Bh4 Bxh4 29. Nxh4 a5 30. Nf3 Nd7 31. Ng5 Rg7 32. Rxc8 Kxc8 33. Rc2+ Kb7
34. Rc1 Nb8 35. Rc5 Kb6 36. Rc8 Nc6 37. Nf3 a4 38. Rh8 a3 39. Rxh5 Nb4 40. Rh8
Nxa2 41. Ra8 b4 42. Nd2 Rg3 43. Ra4 Rg8 44. Nb1 Rc8 45. Nxa3 bxa3 46. Rxa3 Nb4
47. h4 Nc2 48. Ra4 Rc3 49. h5 Rc8 50. Ke2 Kb5 51. Kd2 Nb4 52. Ra7 Rc2+ 53. Kd1
Rxg2 54. Rxf7 Nd3 55. h6 Rh2 56. h7 Kb4 57. Rc7 Kxb3 0-1

[Event "26. Off. Wuerttembergische Seniorenmst."]
[Site "Freudenstadt"]
[Date "2014.07.16"]
[Round "1.22"]
[White "Juergens, Peter"]
[Black "Mueller, Herbert"]
[Result "1-0"]
[WhiteElo "1871"]
[BlackElo "1583"]
[PlyCount "90"]
[EventDate "2014.??.??"]
[WhiteTeam "SC Tempo Göttingen"]
[BlackTeam "SK Horb"]

1. d4 Nf6 2. Nf3 e6 3. Bf4 d5 4. e3 Nbd7 5. Nbd2 c5 6. c3 Be7 7. h3 a6 8. Bd3
cxd4 9. exd4 h6 10. O-O O-O 11. Qe2 b5 12. Rfe1 Bb7 13. a3 Re8 14. Ne5 Bf8 15.
Qe3 Nxe5 16. Bxe5 Bd6 17. f4 Bf8 18. Bxf6 Qxf6 19. Nf3 Bd6 20. Ne5 Bxe5 21.
fxe5 Qe7 22. Rf1 Rf8 23. Rf3 Qg5 24. Qf2 Qe7 25. Rf1 Rab8 26. h4 Bc6 27. Qg3
Be8 28. Rf6 g6 29. Bxg6 fxg6 30. Rxf8+ Qxf8 31. Rxf8+ Kxf8 32. Qf4+ Bf7 33.
Qxh6+ Kg8 34. Qg5 Kh7 35. Qe7 Kg7 36. g3 Kg8 37. Qa7 Rf8 38. Qd7 Rb8 39. Kg2
Kg7 40. Kf3 Rf8 41. Ke3 Kh6 42. Qxb5 g5 43. Qc5 Rg8 44. Qe7 Rg7 45. Qf6+ Kh7
1-0

[Event "26. Off. Wuerttembergische Seniorenmst."]
[Site "Freudenstadt"]
[Date "2014.07.16"]
[Round "1.23"]
[White "Klein, Peter"]
[Black "Gerhardt, Peter-Michael"]
[Result "0-1"]
[WhiteElo "1569"]
[BlackElo "1861"]
[PlyCount "74"]
[EventDate "2014.??.??"]
[WhiteTeam "SK Horb"]
[BlackTeam "SC Vahr"]

1. d4 Nf6 2. c4 c5 3. Nf3 g6 4. Bf4 cxd4 5. Nxd4 e5 6. Bxe5 Qa5+ 7. Nc3 Qxe5 8.
e3 Nc6 9. Be2 Bg7 10. O-O O-O 11. Bf3 Nxd4 12. exd4 Qc7 13. b3 d6 14. Re1 Bf5
15. h3 Rae8 16. Qd2 a6 17. Qf4 Bc8 18. c5 Qa5 19. Rxe8 Rxe8 20. Nd5 Qd8 21.
cxd6 Nxd5 22. Bxd5 Qf6 23. Qxf6 Bxf6 24. d7 Bxd7 25. Bxb7 a5 26. Rc1 Re2 27. a4
Rd2 28. d5 Bd4 29. Bc6 Bxf2+ 30. Kf1 Bf5 31. Bb5 Bg3 32. Rc3 Be5 33. Rc5 Bd6
34. Rc6 Rxd5 35. Bc4 Rd2 36. Ra6 Bb4 37. Ra7 Bd3+ 0-1

[Event "26. Off. Wuerttembergische Seniorenmst."]
[Site "Freudenstadt"]
[Date "2014.07.16"]
[Round "1.24"]
[White "Schmidt, Heinrich"]
[Black "Flockerzi, Armin"]
[Result "1/2-1/2"]
[WhiteElo "1854"]
[BlackElo "1567"]
[PlyCount "86"]
[EventDate "2014.??.??"]
[WhiteTeam "SV Nagold"]
[BlackTeam "VfR-SC Koblenz"]

1. d4 d5 2. c4 c6 3. Nf3 Nf6 4. Nc3 e6 5. cxd5 cxd5 6. Bg5 Nbd7 7. e3 Bb4 8.
Qb3 Be7 9. Bd3 O-O 10. O-O a6 11. Rfc1 Nh5 12. Bxe7 Qxe7 13. Na4 Nhf6 14. Nc5
b6 15. Nxd7 Nxd7 16. Qc2 g6 17. Qc7 Re8 18. Qg3 e5 19. dxe5 Nxe5 20. Nxe5 Qxe5
21. Qxe5 Rxe5 22. Rc7 b5 23. Rac1 Re8 24. h3 Rd8 25. Be2 Be6 26. Bf3 Rab8 27.
Ra7 Rb6 28. b3 d4 29. exd4 Rxd4 30. Rc6 Rxc6 31. Bxc6 Rd6 32. Bb7 Rd1+ 33. Kh2
Rd2 34. Rxa6 Rxf2 35. Kg3 Rb2 36. Bc6 b4 37. Bb5 Bd5 38. Bf1 h6 39. Rd6 Be4 40.
Rd4 Bc6 41. Rd6 Bb7 42. Rb6 Be4 43. Rb5 Bc6 1/2-1/2

[Event "26. Off. Wuerttembergische Seniorenmst."]
[Site "Freudenstadt"]
[Date "2014.07.16"]
[Round "1.25"]
[White "Pottgiesser, Ulrich"]
[Black "Macher, Claus"]
[Result "0-1"]
[WhiteElo "1553"]
[BlackElo "1839"]
[PlyCount "64"]
[EventDate "2014.??.??"]
[WhiteTeam "SC Leinfelden"]
[BlackTeam "SF Ammerbuch"]

1. e4 c5 2. c3 Nf6 3. e5 Nd5 4. d4 cxd4 5. cxd4 d6 6. Nf3 Nc6 7. Bc4 e6 8. Bxd5
exd5 9. O-O Be7 10. Re1 O-O 11. Bf4 Bg4 12. Re3 dxe5 13. dxe5 d4 14. Re1 Qb6
15. b3 Bb4 16. Nbd2 Bc3 17. Rc1 Qb4 18. Qe2 Rfe8 19. Qd3 g6 20. Ng5 Bf5 21.
Nge4 Kg7 22. Rcd1 Nxe5 23. Qg3 Nd7 24. Nd6 Rxe1+ 25. Rxe1 Be6 26. Qg5 Bxd2 27.
Rxe6 Bxf4 28. Qxf4 fxe6 29. Qf7+ Kh8 30. Qxe6 Rf8 31. g3 Qd2 32. f4 Qe3+ 0-1